| 000 | 00992nam a2200205 i 4500 | ||
|---|---|---|---|
| 001 | 157897 | ||
| 003 | ES-MaACL | ||
| 005 | 20230906210908.0 | ||
| 008 | 040825s1852 sp af |||| | spa d | ||
| 040 |
_aCAM _bspa _cCAM |
||
| 100 | 1 |
_aLluch, Francisco Javier. _9129021 |
|
| 245 | 1 | 0 |
_aTratado teórico-práctico de la fabricación de tejidos _b: conteniendo los principios teóricos del arte y sus diversas aplicaciones a toda clase de tejidos, lisos o labrados, por telar de mano o mecánico... / _cpor Francisco Javier Lluch y Narciso Mirallas. |
| 260 |
_aBarcelona : _b[s.n.], _c1852 ( _fImp. del Porvenir, a cargo de B. Bassas) |
||
| 300 |
_a2 v. (2 t. en 1 v., 1 v. de atlas) ; _c26 cm. |
||
| 505 | 8 |
_aContiene: 1 (t. I-II) ; _tTexto (292 p., 202 p.) - 2 ; _tAtlas (CXII h. de lám.) |
|
| 597 | _aEl Atlas, con port. tip. grab., mide 31 cm. | ||
| 650 | 0 | 4 |
_aIndustria textil. _913735 |
| 700 | 1 |
_aMirallas, Narciso. _9129967 |
|
| 852 |
_aES-MaACL _jC-2505-06 _z- Enc. pasta española |
||
| 999 |
_c157897 _d157897 |
||